S čiernymi stavbami si obce nevedia poradiť

Bibliographic Details
Main Author: Seman, Samo (Author)
Format: Article
Language:Slovak
Subjects:

MARC

LEADER 00000nab a2200000 a 4500
001 vtls000928578
003 SK-MaSNL
005 20260304221018.0
008 040720e20010920xo 0 slo
035 |a KE37455 
040 |a KEVKJB  |b slo  |c KEVKJB  |e AACR2 
041 0 |a slo 
044 |a xo  |c SK 
080 |a 397  |2 1981 
080 |a 69  |2 1981 
100 1 |a Seman, Samo  |4 aut  |9 877257 
245 1 0 |a S čiernymi stavbami si obce nevedia poradiť 
650 0 7 |a Rómovia  |2 KEVKJB  |9 1702 
650 0 7 |a rómske osady  |2 KEVKJB  |9 70154 
650 0 7 |a stavby čierne  |2 KEVKJB  |9 1552829 
650 0 7 |a informácie  |2 KEVKJB  |9 1285 
651 7 |a Kecerovce (Slovensko)  |2 KEVKJB  |9 29673 
651 7 |a KS,  |2 KEVKJB  |9 880381 
655 7 |a periodikum  |2 snkbucl  |9 29553 
773 0 8 |t Sme  |g Roč. 9, č.216, 20.9.2001, s. 4 
852 |a ZVYKNI  |b KIS3GCP 
999 |c 3155421  |d 3157351